| 000 | 00435nam a2200169Ia 4500 | ||
|---|---|---|---|
| 003 | GCL | ||
| 008 | 140319s9999 xx 000 0 eng d | ||
| 040 |
_aGCL / _cGCL |
||
| 082 | 0 | 4 |
_a621.3 _bR N |
| 100 | 1 | _aREEVES,E. A. | |
| 245 | 1 | 0 |
_aNEWNES ELECTRICAL POCKET BOOK / _cREEVES,E. A. |
| 260 |
_a[S.N] : _bNEWNES |
||
| 300 | _a567 P | ||
| 650 | 0 | 4 | _aالتحليل الرياضى |
| 650 | 0 | 4 | _aELECTRICAL ENGINEERING |
| 942 |
_2ddc _cBK |
||
| 999 |
_c11359 _d11359 |
||